Library Banner

Panic anxiety states (Record no. 48674)

MARC details
000 -LEADER
fixed length control field 00454nam a2200193Ia 4500
001 - CONTROL NUMBER
control field 51184
008 - FIXED-LENGTH DATA ELEMENTS--GENERAL INFORMATION
fixed length control field 140502s9999 xx 000 0 und d
020 ## - INTERNATIONAL STANDARD BOOK NUMBER
International Standard Book Number NA
040 ## - CATALOGING SOURCE
Transcribing agency PK-LaUMT
082 ## - DEWEY DECIMAL CLASSIFICATION NUMBER
Classification number 616.85223
Item number PAN-
100 ## - MAIN ENTRY--PERSONAL NAME
Personal name Kielholz, Paul
245 ## - TITLE STATEMENT
Title Panic anxiety states
Statement of responsibility, etc Kielholz, Paul<>Adams, Carlo
260 ## - PUBLICATION, DISTRIBUTION, ETC. (IMPRINT)
Place of publication, distribution, etc Koln:
Name of publisher, distributor, etc Deutscher,
Date of publication, distribution, etc 1989
300 ## - PHYSICAL DESCRIPTION
Extent 72 p.
546 ## - LANGUAGE NOTE
Language note EN
650 ## - SUBJECT ADDED ENTRY--TOPICAL TERM
Topical term or geographic name as entry element Anxiety
700 ## - ADDED ENTRY--PERSONAL NAME
Personal name Adams, Carlo
942 ## - ADDED ENTRY ELEMENTS (KOHA)
Koha item type Books
Holdings
Withdrawn status Lost status Damaged status Not for loan Home library Current library Date acquired Total Checkouts Full call number Barcode Date last seen Date checked out Price effective from Koha item type
        UMT Main Campus UMT Main Campus 2014-05-02 3 616.85223 PAN- 61227 2023-05-16 2023-05-03 2014-05-08 Books